Engraji aru asomiya bakyawali (Record no. 4109)
[ view plain ]
| 000 -LEADER | |
|---|---|
| fixed length control field | 00467cam a2200181ua 4500 |
| 008 - FIXED-LENGTH DATA ELEMENTS--GENERAL INFORMATION | |
| fixed length control field | 111223n ii |||gr||||Z||||||asm |
| 040 ## - CATALOGING SOURCE | |
| Transcribing agency | MAIN |
| 100 ## - MAIN ENTRY--PERSONAL NAME | |
| Personal name | Sarma, Devabrata, |
| 245 11 - TITLE STATEMENT | |
| Title | Engraji aru asomiya bakyawali |
| Statement of responsibility, etc. | by Devabrata sarma |
| 250 ## - EDITION STATEMENT | |
| Edition statement | 1st. |
| 260 ## - PUBLICATION, DISTRIBUTION, ETC. | |
| Place of publication, distribution, etc. | Jorhat: |
| Name of publisher, distributor, etc. | Ekalavya Prakashan, |
| Date of publication, distribution, etc. | 2008. |
| 300 ## - PHYSICAL DESCRIPTION | |
| Dimensions | 23cm. |
| 700 1# - ADDED ENTRY--PERSONAL NAME | |
| Personal name | Cutter, Harrier B. L., |
| 942 ## - ADDED ENTRY ELEMENTS (KOHA) | |
| Koha item type | Books |
| 653 ## - INDEX TERM--UNCONTROLLED | |
| Uncontrolled term | Assamese |
| 653 ## - INDEX TERM--UNCONTROLLED | |
| Uncontrolled term | Engraji aru asomiya bakyawali |
| Withdrawn status | Lost status | Damaged status | Not for loan | Home library | Current library | Shelving location | Date acquired | Total Checkouts | Full call number | Barcode | Date last seen | Copy number | Price effective from | Koha item type |
|---|---|---|---|---|---|---|---|---|---|---|---|---|---|---|
| Central Library, Naharkatiya College | Central Library, Naharkatiya College | General Stacks | 19/09/2020 | 401.4 | CUT | 20195 | 19/09/2020 | 3 | 19/09/2020 | Books | |||||
| Central Library, Naharkatiya College | Central Library, Naharkatiya College | General Stacks | 19/09/2020 | 401.4 | CUT | 20196 | 19/09/2020 | 1 | 19/09/2020 | Books | |||||
| Central Library, Naharkatiya College | Central Library, Naharkatiya College | General Stacks | 19/09/2020 | 401.4 | CUT | 20197 | 19/09/2020 | 2 | 19/09/2020 | Books |
